Indira Gandhi : (Record no. 93945)

MARC details
000 -LEADER
fixed length control field 00708nam a22002177a 4500
005 - DATE AND TIME OF LATEST TRANSACTION
control field 20150717105212.0
010 ## - LCCN (DPL NO)
LC control number ENG-113227
020 ## - INTERNATIONAL STANDARD BOOK NUMBER
International Standard Book Number 9789380828626
Terms of availability 325.00
035 ## - SYSTEM CONTROL NUMBER
System control number EN-96759
037 ## - SOURCE OF ACQUISITION
Source of stock number/acquisition DBAD/PUB
082 ## - DEWEY DECIMAL CLASSIFICATION NUMBER
Classification number 920
100 ## - MAIN ENTRY--PERSONAL NAME
Personal name Aguiar, Benny
245 ## - TITLE STATEMENT
Title Indira Gandhi :
Statement of responsibility, etc By Benny Aguiar
Remainder of title a political biography from 1966 to 1984 /
260 ## - PUBLICATION, DISTRIBUTION, ETC. (IMPRINT)
Place of publication, distribution, etc New Delhi
Name of publisher, distributor, etc Vitasta Publishing
Date of publication, distribution, etc 2012
270 ## - ADDRESS
Address 2/15, Ansari Road, Daryaganj
City New Delhi
Postal code 110002
300 ## - PHYSICAL DESCRIPTION
Extent 214p.
Dimensions 22cm(pbk)
500 ## - GENERAL NOTE
General note Includes bibliographical references and index.
600 ## - SUBJECT ADDED ENTRY--PERSONAL NAME
Personal name Gandhi, Indira,
Dates associated with a name 1917-1984.
650 ## - SUBJECT ADDED ENTRY--TOPICAL TERM
Topical term or geographic name as entry element Prime ministers
Geographic subdivision India
Form subdivision Biography.
942 ## - ADDED ENTRY ELEMENTS (KOHA)
Source of classification or shelving scheme Dewey Decimal Classification
Item type English Books
Call number suffix GAN
Classification part 920
Holdings
Withdrawn status Lost status Not for loan Collection code Home library Current library Date acquired Source of acquisition Cost, normal purchase price Full call number Barcode Copy number Cost, replacement price Koha item type
    Not For Loan Non-fiction D.B.Act.Division D.B.Act.Division 26/05/2015 DBAD/PUB 325.00 920 GAN EN-96759 1 325.00 English Books

© Delhi Public Library
Hit Counter
free hit counter